00748nam a22002057a 4500003000500000005001700005008004100022010001000063011001000073035001000083040000900093100003700102245015400139260003900293300002200332502009500354650003400449650003400483650002500517CHAP20220329134617.0971013s1984 r 00010 d a22975 a23947 a28044 cCHAP00aDurán Gutiérrez, Juan Mario. aDiagnóstico técnico sobre la producción lechera en el área cercana al municipio de Monterrey, N.L. basado en el número de animales del Hato aMonterrey, N.L. :bEl autor,c1984 a51 h.b: apénd. aTesis (Ing. Agr. Esp. en Zootecnia) -- ITESM. Div. de Ciencias Agropecuarias y Marítimas14aGanado lecheroxNuevo León.14aGanado lecheroxProducción.14aLechexProducción.